Palabras que acaban en "IO" - Estadísticas

Estadísticas generales
  • Esta prueba ha sido intentada 2.558 veces
  • La puntuación promedio es 13 de 20
Estadísticas de respuestas
Definición Palabra % Correcto
Mil años {Milen}io
95%
Mueble donde se guardan objetos tales como ropa {Armar}io
91%
Sinónimo de comienzo {Inic}io
90%
Persona que posee un patrimonio superior al millón de dólares {Millonar}io
90%
Tanque de agua que contiene plantas y peces {Acuar}io
89%
Elemento radiactivo que empieza con U {Uran}io
87%
Recompensa dada al ganador de un concurso o competencia {Prem}io
84%
Cuaderno o agenda donde se anotan los sucesos día por día {Diar}io
83%
Establecimiento donde se creman cadáveres {Cremator}io
78%
Propiedad privada suntuosa donde residían reyes y nobles {Palac}io
72%
Establecimiento donde se juegan deportes {Estad}io
69%
Instalación que representa los planetas del sistema solar {Planetar}io
67%
Falta de sonido o ruido, asociado a la incomodidad o calma {Silenc}io
67%
Originalmente, establecimiento donde los jóvenes griegos ejercitaban {Gimnas}io
61%
Droga obtenida de la amapola {Op}io
55%
Estado de balance {Equilibr}io
53%
Sinónino de 'baño' {Sanitar}io
43%
Pago o recompensa asignada al intercambio de bienes {Prec}io
25%
Aburrimiento extremo {Ted}io
17%
Complejo de edificios que tiene apartamentos de diferentes dueños {Condomin}io
16%
No se encontraron pruebas coincidentes
Distribución de puntuación
Porcentaje de gente con cada puntuación
Porcentaje por número respondido
Historial de tus puntuaciones
No has intentado esta prueba.